100 duos et couples de fiction - Statistiques

Statistiques générales
  • Ce quiz a été pris 924 fois
    593 depuis la dernière actualisation
  • Le résultat moyen est 35 sur 100
Statistiques - réponses
1er personnage 2e personnage % Correct
Astérix Obélix
96%
Barbie Ken
92%
Belle Sébastien | Clochard | Bête
91%
La Belle La Bête
90%
Minnie Mickey
89%
Bill Boule
87%
Hansel Gretel
86%
Mario Luigi
86%
Tic Tac
86%
Roméo Juliette
84%
Marge Simpson Homer Simpson
80%
Bernard Bianca
79%
Tintin Milou
78%
Donald Daisy
71%
Dupont Dupond
70%
Tarzan Jane
70%
Batman Robin
70%
Rox Rouky
68%
Jasmine Aladin
67%
Titi Grosminet
66%
Simba Nala
65%
C-3 PO R2-D2
65%
Rémus Romulus
64%
Dora l'exploratrice Babouche
62%
Wendy Peter Pan
61%
Sherlock Holmes Dr Watson | Watson | John Watson
59%
Laurel Hardy
59%
Starsky Hutch
59%
Tom Jerry
59%
Woody Buzz
56%
Wallace Gromit
54%
Fantasio Spirou
52%
Chapi Chapo
51%
Chouchou Loulou
49%
Nadia Titeuf
49%
Tristan Yseult | Iseut
48%
Ariel Polochon
46%
Lucky Luke Jolly Jumper
43%
Thomas O'Malley Duchesse
39%
Popeye Olive
38%
Princesse Leia Han Solo
37%
Castor Pollux
37%
Arnold Willy
35%
Cendrillon Le prince charmant
34%
Ulysse Pénélope
34%
John Smith Pocahontas
34%
Clochard Lady
29%
Babar Céleste
28%
Pongo Perdita
28%
Satanas Diabolo
27%
Doc Marty McFly
27%
Hubert de Montmirail Jacquouille la Fripouille
26%
Roger Rabbit Jessica
26%
Sancho Pança Don Quichotte
25%
Aurore Philippe
24%
Arthur Zoé | Guenièvre
24%
Dana Scully Fox Mulder
21%
Orphée Eurydice
20%
Shang Mulan
20%
Mademoiselle Jeanne Gaston Lagaffe
16%
Teresa Lisbon Patrick Jane
16%
Nicolas Pimprenelle
16%
Johan Pirlouit
16%
Marc Darcy Bridget Jones
15%
Rose DeWitt Bukater Jack Dawson
15%
Jonathan Hart Jennifer Hart
15%
Nino Quincampoix Amélie Poulain
13%
Quick Flupke
12%
Tif Tondu
12%
Héloïse Abélard
11%
Hercule Pif
11%
Jane Smith John Smith
10%
Rhett Butler Scarlett O'Hara
10%
Giuseppe Bottazzi dit Peppone Don Camillo
9%
Philip Mortimer Francis Blake
9%
Placid Muzo
9%
Merteuil Valmont
9%
Titus Bérénice
8%
Dany Wilde Brett Sinclair
8%
Zig Puce
8%
Kate Beckett Richard Castle
8%
Frédérique Houseman dite Bébé Johnny Castle
7%
Raymonde Bidochon Robert Bidochon
7%
Alexis Vronski Anna Karénine
6%
Bob Bobette
5%
Caliméro Priscilla
5%
Michel Tanguy Ernest Laverdure
4%
Modeste Pompon
4%
Augustin Bouvet Stanislas Lefort
4%
Hercule Poirot Capitaine Hastings
3%
William Thacker dit Will Anna Scott
2%
Vivian Ward dite Viv Edward Lewis
2%
Maximus Lucilla
2%
Delphine Garnier Maxence
2%
Rintintin Rusty
2%
Lee Stetson Amanda King
1%
Jack Sparrow Angelica Teach
1%
Mary Beth Lacey Christine Cagney
1%
Ennis del Mar Jake Twist
1%
Marcel Martin Grandgil
0%
Aucun quiz correspondant
Distribution des résultats
% des personnes avec chaque résultat
Percentile par nombre de réponses
Votre historique - résultats
Vous n’avez pas pris ce quiz depuis la dernière actualisation